00407nam a2200145Ia 4500008004100000020001500041041001200056082001600068100001900084245009000103260003500193300000800228650000700236700001800243221030s9999 xx 000 0 und d a8121906660 aEnglish a105.23bInd aC. S. Indulkar 3aAn Introduction to Electrical Engineering Materialscby C. S. Indulkar, Thiruvengadam bS.Chand & Co.aNew Delhic2001 a468 aEE aThiruvengadam